Statistics for World's Best First Class Airlines

Click here to take the quiz!

General Stats

  • This quiz has been taken 53 times
  • The average score is 8 of 10

Answer Stats

RankContinentAirline% Correct
5Middle EastEmirates
100%
4EuropeLufthansa
93%
1AsiaSingapore Airlines
91%
9OceaniaQantas Airways
91%
3EuropeAir France
85%
7Middle EastQatar Airways
83%
2Middle EastEtihad Airways
74%
10AsiaThai Airways
72%
8AsiaCathay Pacific Airways
63%
6AsiaANA All Nippon Airways
54%

Score Distribution

Percentile by Number Answered

Percent of People with Each Score

Your Score History

You have not taken this quiz